| Tag |
First Indicator |
Second Indicator |
Subfields |
| LEADER |
00000cam a22000008a 4500 |
| 001 |
in00002360139 |
| 005 |
20151108084928.0 |
| 008 |
061213s2007 nyua 000 1 eng |
| 015 |
|
|
|a GBA6A6234
|2 bnb
|
| 016 |
7 |
|
|a 013629575
|2 Uk
|
| 020 |
|
|
|a 9780785119807 (pbk.)
|
| 020 |
|
|
|a 0785119809 (pbk.)
|
| 035 |
|
|
|a (OCoLC)ocm77257236
|
| 035 |
|
|
|a (OCoLC)77257236
|
| 040 |
|
|
|a UKM
|c UKM
|d BAKER
|d IEF
|d BTCTA
|d TXA
|d UtOrBLW
|
| 049 |
|
|
|a TXAM
|
| 082 |
0 |
4 |
|a 741.5973
|2 22
|
| 090 |
|
|
|a PN6728.W585
|b G84 2007
|
| 100 |
1 |
|
|a Guggenheim, Marc.
|
| 245 |
1 |
0 |
|a Civil war.
|p Wolverine /
|c Marc Guggenheim ; artist, Humberto Ramos.
|
| 246 |
3 |
0 |
|a Wolverine
|
| 263 |
|
|
|a 200704
|
| 264 |
|
1 |
|a New York :
|b Marvel ;
|c 2007.
|
| 264 |
|
2 |
|a London :
|b Diamond [distributor],
|
| 300 |
|
|
|a 1 volume (unpaged) :
|b color illustrations ;
|c 26 cm.
|
| 336 |
|
|
|a text
|b txt
|2 rdacontent
|
| 337 |
|
|
|a unmediated
|b n
|2 rdamedia
|
| 338 |
|
|
|a volume
|b nc
|2 rdacarrier
|
| 500 |
|
0 |
|a Contains material originally published in magazine form as Wolverine #42-48.
|
| 600 |
|
0 |
|a Wolverine
|c (Fictitious character)
|v Comic books, strips, etc.
|v Fiction.
|
| 650 |
|
0 |
|a Science fiction comic books, strips, etc.
|
| 655 |
|
7 |
|a Graphic novels.
|2 lcgft
|
| 700 |
1 |
|
|a Ramos, Humberto.
|
| 938 |
|
|
|a Baker & Taylor
|b BKTY
|c 17.99
|d 13.49
|i 0785119809
|n 0007114157
|s active
|
| 938 |
|
|
|a Baker and Taylor
|b BTCP
|n BK0007114157
|
| 994 |
|
|
|a C0
|b TXA
|
| 948 |
|
|
|a cataloged
|b h
|c 2008/2/25
|d c
|e blrosas
|f 10:14:22 am
|
| 999 |
|
|
|a MARS
|
| 999 |
f |
f |
|s 03bbd624-1246-33b1-a72f-c53e8eb7518b
|i 214b85f2-d39b-342e-87c2-4d786cde3123
|t 0
|
| 952 |
f |
f |
|p normal
|a Texas A&M University
|b College Station
|c Sterling C. Evans Library
|d Evans: Library Stacks
|t 0
|e PN6728.W585 G84 2007
|h Library of Congress classification
|i unmediated -- volume
|m A14837008028
|
| 998 |
f |
f |
|a PN6728.W585 G84 2007
|t 0
|l Evans: Library Stacks
|